000 00620nam a2200205Ia 4500
003 GCL
005 20240530101803.0
008 140319s9999 xx 000 0 ara d
040 _aGCL /
_cGCL
082 0 4 _a962.035
_bق/م د
100 1 _aمجلس النظار
245 1 0 _aالدكريتات والاوامرالعليه الصادرة فى سنة 1887 /
_cمجلس النظار
260 _a[S.N] :
_bمطبعة المالية
300 _a822 ص
650 0 4 _aالعصر الحديث
650 0 4 _aمصر
650 0 4 _aتاريخ
650 0 4 _aالخديوى توفيق (1879 - 1892)
942 _2ddc
_cBK
999 _c27693
_d27693